[Event "Medellin Easter op 7th"]
[Site "Medellin"]
[Date "2017.04.14"]
[Round "4"]
[White "Perez Lujan, Mateo"]
[Black "Botero, Jonathan"]
[Result "1-0"]
[WhiteElo "1746"]
[BlackElo "1893"]
[PlyCount "73"]
[EventDate "2017.04.12"]
[EventType "swiss"]
[EventRounds "8"]
[EventCountry "COL"]
[SourceTitle "CBM 177 Extra"]
[Source "ChessBase"]
[SourceDate "2017.04.27"]
[SourceVersion "1"]
[SourceVersionDate "2017.04.27"]
[SourceQuality "1"]

1. e4 c6 2. d4 d5 3. Nc3 a6 4. e5 Bf5 5. h4 h5 6. Nce2 e6 7. Ng3 Bg6 8. Be2 Be7 9. Nxh5 Bxh5 10. Bxh5 g6 11. Be2 Rxh4 12. Rxh4 Bxh4 13. Nh3 Nd7 14. Bd3 Qa5+ 15. Bd2 Qb6 16. Qg4 Qxb2 17. Rd1 Be7 18. Bxg6 Nxe5 19. Bxf7+ Nxf7 20. Qxg8+ Bf8 21. Ng5 Nxg5 22. Bxg5 Qb4+ 23. Kf1 Kd7 24. Qf7+ Be7 25. Re1 e5 26. Qf5+ Kc7 27. Bxe7 Qxe7 28. Qxe5+ Qd6 29. Qe7+ Qd7 30. f4 b5 31. Qc5 Re8 32. Qa7+ Kd6 33. Qxd7+ Kxd7 34. Rxe8 Kxe8 35. g4 a5 36. Ke2 c5 37. dxc5 1-0

[Event "Medellin Amateur 17th"]
[Site "Medellin"]
[Date "2010.08.08"]
[Round "9.35"]
[White "Valencia Gomez, Daniel"]
[Black "Botero, Jonathan"]
[Result "0-1"]
[WhiteElo "1706"]
[BlackElo "1600"]
[PlyCount "74"]
[EventDate "2010.08.04"]
[EventType "swiss"]
[EventRounds "9"]
[EventCountry "COL"]
[SourceTitle "EXT 2024"]
[Source "ChessBase"]
[SourceDate "2023.10.10"]
[SourceVersion "1"]
[SourceVersionDate "2023.10.10"]
[SourceQuality "1"]

1. e4 c6 2. d4 d5 3. e5 Bf5 4. f4 e6 5. Nf3 h5 6. Be3 Nd7 7. c4 Bb4+ 8. Nc3 dxc4 9. Bxc4 Ne7 10. a3 Nd5 11. Bxd5 Bxc3+ 12. bxc3 cxd5 13. Qb3 Qc7 14. Rc1 Bd3 15. Kf2 Bc4 16. Qc2 g6 17. Ng5 Ke7 18. Qb2 Qa5 19. a4 Qxa4 20. Qxb7 Qa2+ 21. Kg1 Rab8 22. Qc7 Qa3 23. Nxf7 Rhc8 24. Qd6+ Qxd6 25. Nxd6 Rc6 26. Nxc4 Rxc4 27. Kf2 a5 28. h3 a4 29. g4 h4 30. g5 a3 31. Kf3 Rb2 32. Kg4 a2 33. Kxh4 Ra4 34. Rhd1 Nb6 35. Bd2 Nc4 36. Ra1 Nxd2 37. Rxd2 Rxd2 0-1

[Event "Medellin Amateur 17th"]
[Site "Medellin"]
[Date "2010.08.05"]
[Round "3.23"]
[White "Botero, Jonathan"]
[Black "Cardona, Gregorio"]
[Result "1-0"]
[WhiteElo "1600"]
[BlackElo "1684"]
[PlyCount "83"]
[EventDate "2010.08.04"]
[EventType "swiss"]
[EventRounds "9"]
[EventCountry "COL"]
[SourceTitle "EXT 2024"]
[Source "ChessBase"]
[SourceDate "2023.10.10"]
[SourceVersion "1"]
[SourceVersionDate "2023.10.10"]
[SourceQuality "1"]

1. e4 c5 2. f4 Nc6 3. c3 d5 4. e5 e6 5. d4 cxd4 6. cxd4 Nh6 7. Nf3 Nf5 8. Bb5 Qa5+ 9. Nc3 Bb4 10. Bxc6+ bxc6 11. Qc2 Ba6 12. a3 0-0 13. g4 Ne7 14. Ng5 g6 15. h4 h6 16. Nf3 Kg7 17. h5 Rh8 18. hxg6 fxg6 19. Bd2 Rab8 20. Ne4 Bxd2+ 21. Nexd2 c5 22. dxc5 Rhc8 23. Nd4 Kf7 24. Rxh6 Rxc5 25. Qb1 Kg7 26. g5 Qb6 27. b4 Rc3 28. N2b3 Rxb3 29. Nxb3 Qe3+ 30. Kd1 Be2+ 31. Kc2 Bd3+ 32. Kb2 Qe2+ 33. Kc3 Bxb1 34. Rxb1 Qc4+ 35. Kb2 Nf5 36. Rc1 Qxf4 37. Rc7+ Kg8 38. Rxg6+ Kf8 39. Nc5 Qd4+ 40. Ka2 Qxe5 41. Nd7+ Kf7 42. Nxe5+ 1-0